000 004840000a22001930004500
001 002544
003 MACL
005 20150919105050.0
008 150919b xxu||||| |||| 00| 0 eng d
040 _aMACL
_cMACL
041 _aEnglish
082 _a823.301
100 _aPremchand,
_911891
245 _aSelected Short Stories by Premchand
_cPremchand
260 _aNew Delhi
_c1997
_bCrest Publishing House,
350 _a55
650 _aLiterature
_911892
942 _k823
_cBK
_2ddc
999 _c14454
_d14454